Emerging agenda for global trade : high stakes for developing countries /

Bibliographic Details
Main Author: Lawrence, Robert Z., 1949-
Other Authors: Rodrik, Dani, Whalley, John
Format: Book
Language:English
Published: Washington, DC : Overseas Development Council ; [1996]
Series:Policy essay ; no. 20.
Subjects:

MARC

Tag First Indicator Second Indicator Subfields
LEADER 00000cam a2200000 a 4500
001 in00001337745
005 20151005094431.0
008 960814s1996 dcua b 000 0 eng
010 |a  96041368  
020 |a 1565170148 
035 |a (OCoLC)35360728 
035 |9 AHE7259AM 
040 |a DLC  |c DLC  |d TXA  |d UtOrBLW 
043 |a d------ 
049 |a TXAM 
050 0 0 |a HF1379  |b .L388 1996 
082 0 0 |a 382/.09172/4  |2 20 
100 1 |a Lawrence, Robert Z.,  |d 1949- 
245 1 0 |a Emerging agenda for global trade :  |b high stakes for developing countries /  |c Robert Z. Lawrence, Dani Rodrik, and John Whalley. 
264 1 |a Washington, DC :  |b Overseas Development Council ;  |c [1996] 
264 2 |a Baltimore, MD :  |b Distributed by Johns Hopkins University Press, 
264 4 |c ©1996 
300 |a ix, 101 pages :  |b illustrations ;  |c 23 cm. 
336 |a text  |b txt  |2 rdacontent 
337 |a unmediated  |b n  |2 rdamedia 
338 |a volume  |b nc  |2 rdacarrier 
490 1 |a Policy essay ;  |v no. 20 
504 |a Includes bibliographical references. 
650 0 |a International trade. 
650 0 |a Competition  |x Government policy. 
650 0 |a Labor policy. 
650 0 |a Environmental policy  |x Economic aspects. 
650 0 |a Foreign trade regulation. 
651 0 |a Developing countries  |x Commerce. 
700 1 |a Rodrik, Dani. 
700 1 |a Whalley, John. 
830 0 |a Policy essay ;  |v no. 20. 
999 |a MARS 
999 f f |s 25e38ec6-c9bc-37ec-b795-dd9a06cc4a46  |i c71ccbfd-2fef-3c92-a913-59b37b9335d1  |t 0 
952 f f |p ric  |a Texas A&M University  |b Rellis Campus  |c Joint Library Facility  |d Remote Storage  |t 0  |e HF1379 .L388 1996  |h Library of Congress classification  |i unmediated -- volume  |m A14820535161 
998 f f |a HF1379 .L388 1996  |t 0  |l Remote Storage